banner koha

Efeito da adubacao NPK em arroz irrigado por subemersao continua [Oryza sativa; Fertilizante nitrogenado; Fertilizante potassico; Fertilizante fosfatado; Goias; Brasil] (Registro n. 333370)

MARC details
000 -LÍDER
campo de controle de tamanho fixo 01181naa a22003497a 4500
001 - NÚMERO DE CONTROLE
campo de controle BR7904767
003 - IDENTIFICADOR DO NÚMERO DE CONTROLE
campo de controle BR-BrBNA
005 - DATA E HORÁRIO DA ÚLTIMA TRANSAÇÃO
campo de controle 20250716090232.0
007 - CAMPO FIXO DE DESCRIÇÃO FÍSICA--INFORMAÇÃO GERAL
campo de controle de tamanho fixo ta
008 - CAMPO DE DADOS FIXOS--INFORMAÇÃO GERAL
campo de controle de tamanho fixo 250630b bl.|||m| |||| 00| 0 por d
040 ## - FONTE DA CATALOGAÇÃO
Instituição da catalogação original BR-BrBNA
Idioma da catalogação por
Instituição que transcreveu o registro Biblioteca Nacional de Agricultura
041 ## - CÓDIGO DE IDIOMA
Código do idioma do texto/trilha sonora ou título diferente (Pt)
072 ## - CÓDIGO DE CATEGORIA DE ASSUNTO
Código de Categoria de Assunto F25
Código do objeto 0150
-- 3820
-- 3810
-- 3830
-- G514
090 ## - NÚMERO DE CHAMADA LOCAL
Número de chamada F25 BR7904767
100 1# - ENTRADA PRINCIPAL--NOME PESSOAL
Nome pessoal Purissimo, C.
100 1# - ENTRADA PRINCIPAL--NOME PESSOAL
Nome pessoal Bueno, L.G.
100 1# - ENTRADA PRINCIPAL--NOME PESSOAL
Nome pessoal Neiva, L.C. da S.
245 1# - TÍTULO
Título Efeito da adubacao NPK em arroz irrigado por subemersao continua [Oryza sativa; Fertilizante nitrogenado; Fertilizante potassico; Fertilizante fosfatado; Goias; Brasil]
Restante do título Projeto arroz
490 ## - TÍTULO DA SÉRIE
Título da série Relatorio Tecnico - Empresa Goiana de Pesquisa Agropecuaria (Brazil)
500 ## - NOTA GERAL
Nota geral Relatorio tecnico 1978<br/>Goiania, GO (Brasil): 1979. p. 33<br/>(BR7904767-AMS)<br/>
650 ## - ASSUNTO--TERMO TÓPICO
Cabeçalho tópico ou nome geográfico Fertilidade do solo
650 ## - ASSUNTO--TERMO TÓPICO
Cabeçalho tópico ou nome geográfico Arroz irrigado
650 ## - ASSUNTO--TERMO TÓPICO
Cabeçalho tópico ou nome geográfico Fertilizante nitrogenado
650 ## - ASSUNTO--TERMO TÓPICO
Cabeçalho tópico ou nome geográfico Fertilizante potassico
650 ## - ASSUNTO--TERMO TÓPICO
Cabeçalho tópico ou nome geográfico Fertilizante fosfatado
650 ## - ASSUNTO--TERMO TÓPICO
Cabeçalho tópico ou nome geográfico Adubacao
650 ## - ASSUNTO--TERMO TÓPICO
Cabeçalho tópico ou nome geográfico NPK
650 ## - ASSUNTO--TERMO TÓPICO
Cabeçalho tópico ou nome geográfico Rendimento
650 ## - ASSUNTO--TERMO TÓPICO
Cabeçalho tópico ou nome geográfico Goias
942 ## - ELEMENTOS DE ENTRADA ADICIONADOS (KOHA)
Tipo de material Koha Analítica de Monografia Seriada
Fonte da classificação ou esquema de arquivamento na estante Classificação AGRIS
909 ## -
-- 202506
-- Lúcia
-- 55
-- Lúcia Elande
Exemplares
Situação do descarte Fonte da classificação ou esquema de arquivamento na estante Situação física Não pode ser emprestado Coleção Biblioteca de origem Biblioteca atual Total de empréstimos Data de último acesso Número do exemplar Tipo de material Koha Situação das perdas Data de aquisição Fonte de aquisição
  Classificação AGRIS       Biblioteca Nacional de Agricultura - Binagri Biblioteca Nacional de Agricultura - Binagri   30/06/2025 01 Analítica de Monografia Seriada   2025-06-30 Portaria Interministerial nº 164/94

BINAGRI

Telefone: (61)3218-2567/2388/3357/2097 - binagri@agro.gov.br

Ministério da Agricultura e Pecuária , Esplanada dos Ministérios, Bloco D, Anexo B, Brasília/DF, CEP: 70.043-900